000
00257nam a2200097Ia 4500
001
1300163
005
20260420095859.0
008
260420s9999 xx 000 0 und d
245
0
_a
KUTUP AYISI TUNTU
_c
NEFİSE ATÇAKARLAR
260
_b
TİMAŞ ÇOCUK YAYINLARI
999
_c
1300163
_d
1300163